UBT Library

American government : (Record no. 523)

000 -LEADER
fixed length control field 00600nam a22002057a 4500
005 - DATE AND TIME OF LATEST TRANSACTION
control field 20141010080004.0
008 - FIXED-LENGTH DATA ELEMENTS--GENERAL INFORMATION
fixed length control field 850314s1986 mauaf b 001 0 eng
020 ## - INTERNATIONAL STANDARD BOOK NUMBER
International Standard Book Number 0669076791
024 #0 - OTHER STANDARD IDENTIFIER
Terms of availability eng
080 ## - UNIVERSAL DECIMAL CLASSIFICATION NUMBER
Universal Decimal Classification number 35.07
100 1# - Rafti
Rafti Wilson, James Q.
245 10 - TITLE STATEMENT
Title American government :
Statement of responsibility, etc James Q. Wilson.
250 ## -
-- 3rd ed.
260 ## -
-- Lexington, Mass. :
-- D.C. Heath,
-- 1986.
300 ## -
-- 642, A 88 p.
-- me il.;
-- 24 cm.
504 ## - BIBLIOGRAPHY, ETC. NOTE
Bibliography, etc Includes bibliographies, references and indexes f. A51-A88
650 ## -
-- Qeveritë
651 #0 -
-- United States
942 ## - ADDED ENTRY ELEMENTS (KOHA)
Source of classification or shelving scheme
Item type Books
Holdings
Withdrawn status Lost status Source of classification or shelving scheme Damaged status Not for loan Collection code Permanent location Current location Shelving location Date acquired Total Checkouts Full call number Barcode Date last seen Koha item type Price effective from
          Koleksioni i përgjithshem UBT - Ferizaj UBT - Ferizaj Koleksioni i përgjithshem 10/10/2014   35.07 WIL 003000863 10/10/2014 Books  
          Koleksioni i përgjithshem UBT - Ferizaj UBT - Ferizaj Koleksioni i përgjithshem 10/10/2014   35.07 WIL 003000864 10/10/2014 Books  
          Koleksioni i përgjithshem UBT - Ferizaj UBT - Ferizaj Koleksioni i përgjithshem 10/10/2014   35.07 WIL 003000865 10/10/2014 Books  
          Koleksioni i përgjithshem UBT - Ferizaj UBT - Ferizaj Koleksioni i përgjithshem 10/10/2014   35.07 WIL 003000866 10/10/2014 Books  
          Koleksioni i përgjithshem UBT - Ferizaj UBT - Ferizaj Koleksioni i përgjithshem 10/10/2014   35.07 WIL 003000867 10/10/2014 Books  
          Koleksioni i përgjithshem UBT - Ferizaj UBT - Ferizaj Koleksioni i përgjithshem 10/10/2014   35.07 WIL 003000868 10/10/2014 Books  
          Koleksioni i përgjithshem UBT - Ferizaj UBT - Ferizaj Koleksioni i përgjithshem 10/10/2014   35.07 WIL 003000869 10/10/2014 Books  
          Koleksioni i përgjithshem UBT - Ferizaj UBT - Ferizaj Koleksioni i përgjithshem 10/10/2014   35.07 WIL 003000870 10/10/2014 Books  
          Koleksioni i përgjithshem UBT - Ferizaj UBT - Ferizaj Koleksioni i përgjithshem 10/10/2014   35.07 WIL 003000871 10/10/2014 Books  
          Koleksioni i përgjithshem UBT - Ferizaj UBT - Ferizaj Koleksioni i përgjithshem 10/10/2014   35.07 WIL 003000872 10/10/2014 Books  
          Koleksioni i përgjithshem UBT - Lipjan UBT - Lipjan Koleksioni i përgjithshem 05/20/2015   35 WIL 002-008595 05/20/2015 Books  
          Koleksioni i përgjithshem UBT - Lipjan UBT - Lipjan Koleksioni i përgjithshem 06/09/2017   328 WIL 002-289774 06/09/2017 Books 06/09/2017
          Koleksioni i përgjithshem UBT - Lipjan UBT - Lipjan Koleksioni i përgjithshem 06/12/2017   328 WIL 002-290184 06/12/2017 Books 06/12/2017
UBT Library © 2015-2024. All rights reserved University Education for Business and Technology